| 000 | 00557nam a22001577a 4500 | ||
|---|---|---|---|
| 082 | _a200 | ||
| 100 | _aHumayon, Khan Jabar | ||
| 245 |
_aWaste Management in Construction Industry of Pakistan / _cJabar Humayon Khan |
||
| 260 |
_aIslamabad : _bMEC - NUST, _c2014. |
||
| 300 | _a126 p. ; | ||
| 650 |
_aMS-Construction Engineering and Management _9126573 |
||
| 700 |
_aSupervisor. Muhammad Naseem Baig _9126604 |
||
| 856 | _u http://10.250.8.41:8080/xmlui/handle/123456789/41093 | ||
| 942 |
_2ddc _cSC |
||
| 999 |
_c536165 _d536165 |
||